| 000 | 00346nam a22001457a 4500 | ||
|---|---|---|---|
| 020 | _a0-7235-1212-4 | ||
| 082 |
_a823 _bCOO/W |
||
| 100 | _aCOOLIDGE, SUSAN | ||
| 245 |
_aWHAT KATY DID _bCLASSIC LIBRARY |
||
| 260 |
_aBRITIAN _bWORLD INTERNATIONAL PUBLISHING _c1989 |
||
| 300 | _a142 | ||
| 520 | _aSHORT STORY | ||
| 650 | _aSHORT STORY | ||
| 942 | _cBK | ||
| 999 |
_c5785 _d5785 |
||